[Event "22nd OIBM 2018"]
[Site "Gmund am Tegernsee"]
[Date "2018.11.02"]
[Round "7"]
[White "Sieglen, Joachim, Dr."]
[Black "Poelt, Christoph"]
[Result "1-0"]
[WhiteElo "2210"]
[BlackElo "1987"]
[Annotator "NA"]
[PlyCount "79"]
[EventDate "2018.10.27"]
[EventType "swiss"]
[EventCountry "GER"]
[SourceTitle "playchess.com"]
[Source "ChessBase"]
[SourceQuality "1"]
[TimeControl "40/5400+30:1800+30"]

1. d4 {[%emt 0:00:00]} Nf6 {[%emt 0:00:00]} 2. c4 {[%emt 0:00:00]} g6 {[%emt 0:00:00]} 3. Nc3 {[%emt 0:00:00]} d5 {[%emt 0:00:00]} 4. Nf3 {[%emt 0:00:01]} Bg7 {[%emt 0:00:09]} 5. cxd5 {[%emt 0:00:27]} Nxd5 {[%emt 0:00:03]} 6. e4 {[%emt 0:00:09]} Nxc3 {[%emt 0:00:06]} 7. bxc3 {[%emt 0:00:02]} c5 {[%emt 0:00:11]} 8. Be3 {[%emt 0:00:16]} Qa5 {[%emt 0:00:59]} 9. Qd2 {[%emt 0:00:28]} Nc6 {[%emt 0:02:21]} 10. Rc1 {[%emt 0:00:28]} cxd4 {[%emt 0:01:52]} 11. cxd4 {[%emt 0:00:06]} Qxd2+ {[%emt 0:00:31]} 12. Kxd2 {[%emt 0:00:02]} O-O {[%emt 0:03:06]} 13. d5 {[%emt 0:01:52]} Rd8 {[%emt 0:05:20]} 14. Ke1 {[%emt 0:14:40]} Ne5 {[%emt 0:08:04] LiveBook: 6 Games} 15. Nxe5 {[%emt 0:00:49]} Bxe5 {[%emt 0:00:02]} 16. f4 {[%emt 0:00:24]} Bb2 {[%emt 0:01:01]} 17. Rc2 {[%emt 0:03:23]} Ba3 $14 {[%emt 0:01:48]} 18. Kf2 {[%emt 0:06:55]} e6 {[%emt 0:07:24]} 19. Bc4 {[%emt 0:05:27]} a6 {[%emt 0:06:37]} 20. Bb6 {[%emt 0:13:07]} Re8 {[%emt 0:04:24]} 21. Kf3 {[%emt 0:21:16]} Bd7 {[%emt 0:12:27]} 22. d6 {[%emt 0:07:20]} e5 {[%emt 0:09:50]} 23. Bc7 {[%emt 0:01:23]} exf4 {[%emt 0:05:48]} 24. Bd5 {[%emt 0:03:47]} Rac8 {[%emt 0:17:00]} 25. Rd2 {[%emt 0:01:00]} b5 {[%emt 0:07:00]} 26. Bb7 {[%emt 0:01:11]} g5 {[%emt 0:00:57]} 27. Rd5 {[%emt 0:02:48]} f6 {[%emt 0:04:01]} 28. Bxa6 {[%emt 0:00:30]} h5 {[%emt 0:01:51]} 29. h3 {[%emt 0:03:48]} Rcd8 {[%emt 0:00:56]} 30. Rhd1 {[%emt 0:03:54]} Bc6 {[%emt 0:00:35]} 31. Bxb5 {[%emt 0:02:01]} Bxd5 {[%emt 0:00:25]} 32. Bxe8 {[%emt 0:01:27]} Bxe4+ {[%emt 0:00:08]} 33. Kxe4 {[%emt 0:00:09]} Rxe8+ {[%emt 0:00:04]} 34. Kd3 {[%emt 0:01:34]} Re3+ {[%emt 0:00:57]} 35. Kc2 {[%emt 0:00:13]} Bxd6 {[%emt 0:00:37]} 36. Bxd6 {[%emt 0:00:52]} Re2+ {[%emt 0:00:39]} 37. Rd2 {[%emt 0:00:11]} Rxd2+ {[%emt 0:00:06]} 38. Kxd2 {[%emt 0:00:09]} Kf7 {[%emt 0:00:00]} 39. Ke2 {[%emt 0:00:45]} Ke6 {[%emt 0:01:17]} 40. Bxf4 {[%emt 0:00:11]} 1-0

[Event "22nd OIBM 2018"]
[Site "Gmund am Tegernsee"]
[Date "2018.11.02"]
[Round "7"]
[White "Kutzner, Stephen"]
[Black "Wolf, Pablo"]
[Result "0-1"]
[WhiteElo "2205"]
[BlackElo "1983"]
[Annotator "TA"]
[PlyCount "122"]
[EventDate "2018.10.27"]
[EventType "swiss"]
[EventCountry "GER"]
[SourceTitle "playchess.com"]
[Source "ChessBase"]
[SourceQuality "1"]

{[%evp 19,122,-7,0,-24,-12,-41,-53,-23,-32,-74,-66,-78,-90,-164,-100,-257,-252,-250,-252,-255,-222,-342,-325,-307,-270,-249,-239,-235,-235,-508,-508,-498,-489,-824,-543,-715,-419,-391,-363,-358,-316,-301,-297,-291,-291,-285,-243,-263,-229,-225,-222,-215,-194,-236,-200,-245,-245,-232,-257,-420,-420,-487,-496,-545,-493,-490,-474,-672,-650,-734,-727,-699,-667,-637,-168,-149,0,0,0,0,0,0,0,-875,-506,-315,-78,-101,-95,-246,-125,-1328,-1197,-881,-708,-12845,-12846,-12845,-12837,-12837,-12834,-12848,-12848,-29994,0]} 1. e4 c5 2. Nf3 d6 3. d4 cxd4 4. Nxd4 Nf6 5. Nc3 a6 6. Bg5 e6 7. f4 Be7 8. Qf3 Qc7 9. O-O-O O-O 10. g4 b5 $1 {LiveBook: 4 Games} 11. Bxf6 {B98: Sicilian Najdorf: 6 Bg5 e6 7 f4 Be7, sidelines} (11. Kb1 {keeps more tension.} Bb7 12. h4 Nc6 13. Nxc6 Bxc6 14. Bd3) 11... Bxf6 12. g5 Bxd4 $1 13. Rxd4 {Black is slightly better.} Nc6 14. Rd3 (14. Rd1 b4 15. Ne2 a5 16. Kb1 Ba6 17. Ng3 Rfc8 18. Bxa6 Rxa6 {0-1 (50) Ismagambetov,A (2538)-Nguyen,N (2620) Batumi 2018}) 14... b4 15. Nd1 Bb7 $146 ({Predecessor:} 15... a5 16. Qh5 g6 17. Qh4 e5 18. Ne3 Ne7 {1-0 (26) Datsuk,T (2276)-Ostapenko,A (2332) Kiev 2000}) 16. Qh5 (16. Qf2 $17 {was necessary.}) 16... Na5 (16... Ne7 $1 $19 17. Bg2 Rac8) 17. Rh3 $2 (17. Bg2 $17 Rac8 18. Qe2) 17... Bxe4 $19 {[%csl Ge4][%cal Rc7c2]} 18. Bd3 Bxd3 $40 {[%mdl 128] Black attacks with force.} 19. Rxd3 Rfc8 {[%csl Gc8][%cal Rc7c2]} 20. c3 (20. Qe2 {might work better.}) 20... Qc4 21. Rh3 Qxf4+ 22. Ne3 Qe4 23. Rf1 Qg6 $1 ({Inferior is} 23... bxc3 24. Qxf7+ Kh8 25. b3 $11) 24. Qf3 $2 (24. Qxg6 {is a better defense.} hxg6 25. Nd1) 24... bxc3 25. b3 Nc6 26. Qf4 (26. Qh5 $142 d5 27. Qxg6 hxg6 28. Rf4) 26... Ne5 27. Ng4 Nxg4 28. Qxg4 Rc5 29. Rg3 c2 {...Rac8 is the strong threat.} 30. h4 {[%cal Bh2h4,Bh4h5][%mdl 32] Now h5 and White clings on.} Rd5 {Strongly threatening ...Rc8.} 31. h5 {[#]} Rd1+ $1 32. Rxd1 cxd1=Q+ 33. Qxd1 {[%mdl 4096] Endgame KQR-KQR} Qe4 34. Qxd6 Qh1+ 35. Kb2 Qxh5 36. Qc6 {[%cal Rc6a8]} Rf8 37. Ka3 Qd1 38. Rc3 Qd2 39. Rc4 $2 (39. Rc5) 39... Qxg5 40. Qxa6 h5 {[%cal Bh7h5,Bh5h4,Bh4h3,Bh3h2][%mdl 32]} 41. Rc8 Qe7+ 42. b4 h4 43. Kb3 (43. Rc3 $142 f5 44. Qc4) 43... h3 44. Rc3 Qh4 45. Qf1 h2 46. Rh3 Qg4 $2 (46... Qd4 47. Rxh2 Qe3+ 48. Kc2 Rc8+ 49. Kb1 Qe4+ 50. Ka1 Qe5+ 51. Rb2 Rc2) 47. Qd3 {[%csl Gh3][%cal Rd3h7] [#]} Qf5 (47... Rb8 $1 $17 48. Qh7+ Kf8 49. Qh8+ Ke7 50. Qh4+ Qxh4 51. Rxh4 g5 52. Rxh2 f5) 48. Qxf5 $11 exf5 {KR-KR} 49. a4 f4 50. Rxh2 g5 51. Rf2 $2 {[%mdl 8192]} (51. Rg2 $11 f6 52. b5) 51... f5 $19 52. Kc2 {[#]} Kf7 $2 (52... g4 $1 $19 {and Black stays clearly on top.} 53. Rxf4 g3) 53. Kd1 Ke6 54. a5 $2 (54. b5 $17) 54... Ra8 (54... Kd5 $19 55. Rc2 Rh8) 55. Ra2 $2 {[%mdl 8192]} (55. Ke1 $17) 55... f3 {[%cal Bf4f3,Bf3f2][%mdl 32]} 56. a6 g4 {[%cal Bg5g4,Bg4g3][%mdl 32]} 57. b5 g3 58. Ke1 f2+ 59. Ke2 Kd5 {( -> ...Re8+)} 60. a7 Re8+ 61. Kf1 Ra8 $2 {[%mdl 32768] Precision: White = 30%, Black = 68%. . Loss on Time!?} (61... Re1+ {mates} 62. Kg2 f1=Q+ 63. Kxg3 Re3+ 64. Kh4 Qf4+ 65. Kh5 Qg4+ 66. Kh6 Rh3#) 0-1

[Event "22nd OIBM 2018"]
[Site "Gmund am Tegernsee"]
[Date "2018.11.02"]
[Round "7"]
[White "Leeb, Simon"]
[Black "Wehrmann, Henning"]
[Result "1-0"]
[WhiteElo "2203"]
[BlackElo "1828"]
[Annotator "NA"]
[PlyCount "33"]
[EventDate "2018.10.27"]
[EventType "swiss"]
[EventCountry "GER"]
[SourceTitle "playchess.com"]
[Source "ChessBase"]
[SourceQuality "1"]
[TimeControl "40/5400+30:1800+30"]

1. d4 {[%emt 0:00:00]} Nf6 {[%emt 0:00:00]} 2. c4 {[%emt 0:00:00]} g6 {[%emt 0:00:07]} 3. Nc3 {[%emt 0:00:27]} Bg7 {[%emt 0:00:08]} 4. e4 {[%emt 0:00:07]} d6 {[%emt 0:00:05]} 5. Be2 {[%emt 0:00:05]} e5 {[%emt 0:09:09]} 6. dxe5 {[%emt 0:06:51]} dxe5 {[%emt 0:00:07]} 7. Qxd8+ {[%emt 0:00:06]} Kxd8 {[%emt 0:00:04]} 8. Bg5 {[%emt 0:00:05]} c6 {[%emt 0:00:09]} 9. f4 {[%emt 0:02:51]} Nbd7 {[%emt 0:01:20]} 10. fxe5 {[%emt 0:05:54]} Nxe5 {[%emt 0:00:51]} 11. Nf3 {[%emt 0:00:06]} Re8 {[%emt 0:04:50]} 12. O-O-O+ {[%emt 0:01:55]} Bd7 {[%emt 0:00:47]} 13. Rd6 {[%emt 0:04:44]} Nxf3 {[%emt 0:04:20]} 14. gxf3 {[%emt 0:03:13]} h6 {[%emt 0:04:19]} 15. Bxf6+ {[%emt 0:02:31]} Bxf6 {[%emt 0:00:14]} 16. Rxf6 {[%emt 0:00:05]} Be6 {[%emt 0:00:06]} 17. e5 {[%emt 0:00:41]} 1-0

[Event "22nd OIBM 2018"]
[Site "Gmund am Tegernsee"]
[Date "2018.11.02"]
[Round "7"]
[White "Boehm, Martin"]
[Black "Mons, Leon"]
[Result "0-1"]
[WhiteElo "2195"]
[BlackElo "2554"]
[Annotator "TA"]
[PlyCount "64"]
[EventDate "2018.10.27"]
[EventType "swiss"]
[EventCountry "GER"]
[SourceTitle "playchess.com"]
[Source "ChessBase"]
[SourceQuality "1"]

{[%evp 18,64,0,6,6,4,5,5,33,31,33,21,23,0,0,0,0,0,0,0,0,-27,-33,-26,-18,-26,-31,-75,-81,-78,-70,-95,-84,-127,-112,-105,-103,-193,-179,-469,-454,-1150,-1119,-1432,-1305,-29989,-29990,-29990,-29983]} 1. d4 d5 2. c4 e6 3. Nf3 Nf6 4. Nc3 a6 5. cxd5 exd5 6. Bg5 {D37: Queen's Gambit Declined: 5 Bf4} Be6 7. Qc2 (7. e3 Nbd7 8. Bd3 h6 9. Bf4 g5 10. Bg3 Nh5 11. Be5 Nhf6 12. Bg3 Nh5 13. Qb3 Nxg3 14. hxg3 {½-½ (48) Karjakin,S (2773)-Caruana,F (2822) Saint Louis 2018}) 7... Nbd7 8. e3 h6 9. Bh4 Bd6 10. Bd3 {LiveBook: 15 Games} O-O 11. O-O c6 12. Bg3 Qc7 13. Bxd6 Qxd6 {[#]} 14. Rae1 $146 Rfc8 15. Nh4 c5 16. dxc5 Nxc5 17. Nf5 Qd7 18. Nd4 Nce4 19. f3 Nxc3 20. bxc3 Rc5 21. Qb2 Rac8 22. Rb1 Rxc3 23. Rfd1 R3c7 24. g4 Qe7 25. Qf2 Nd7 {[%cal Bf6d7,Bd7c5,Bc5d3][%mdl 32]} 26. Qg3 Nc5 27. Rb6 {[#]} (27. Bc2 $17) 27... Bd7 $1 $19 28. Qf4 $2 (28. Nf5 Bxf5 29. Bxf5 Qxe3+ 30. Qf2 Qxf2+ 31. Kxf2) 28... g5 29. Nf5 (29. Qg3 $142 Qxe3+ 30. Qf2) 29... Bxf5 $1 ({Weaker is} 29... gxf4 30. Nxe7+ Kg7 31. Nxc8 $16) 30. Qxf5 Qxe3+ 31. Kg2 Nxd3 32. Qxd3 Qxb6 {Precision: White = 18%, Black = 92%.} 0-1

[Event "22nd OIBM 2018"]
[Site "Gmund am Tegernsee"]
[Date "2018.11.02"]
[Round "7"]
[White "Kaiser, Elmar"]
[Black "Jarmula, Lukasz"]
[Result "0-1"]
[WhiteElo "2185"]
[BlackElo "2492"]
[Annotator "TA"]
[PlyCount "62"]
[EventDate "2018.10.27"]
[EventType "swiss"]
[EventCountry "GER"]
[SourceTitle "playchess.com"]
[Source "ChessBase"]
[SourceQuality "1"]

{[%evp 21,62,-21,-2,-50,-41,-94,-85,-108,-115,-116,-113,-106,-105,-100,-84,-102,-110,-110,-110,-106,-41,-47,-54,-82,-43,-202,-193,-211,-222,-339,-337,-361,-378,-407,-406,-375,-378,-412,-412,-579,-564,-554,-422]} 1. e4 c5 2. Nf3 d6 3. d4 cxd4 4. Qxd4 Nc6 5. Bb5 Bd7 6. Bxc6 Bxc6 7. Nc3 Nf6 8. Bg5 e6 9. O-O-O Be7 10. Qd3 Qa5 11. h4 h6 {LiveBook: 127 Games} 12. Be3 {B53: Sicilian: 2...d6: Lines with Qxd4} (12. Bd2 Qa6 13. Nd4 Qxd3 14. cxd3 Ng4 15. Nxc6 bxc6 16. Rdf1 d5 17. Kc2 Bc5 18. Nd1 h5 19. Bc3 Nf6 20. f3 {1-0 (59) Hamdouchi,H (2580)-Navara,D (2727) Brest 2018}) 12... d5 {[%cal Rd5e4]} 13. e5 {[#]} (13. Nd4 $15) 13... Ne4 $1 $17 {And now ...Bb4 would win.} 14. Kb1 $146 {Black is better.} ({Predecessor:} 14. Nd4 Nxc3 15. Qxc3 Qxc3 16. bxc3 Rc8 17. Kd2 b6 {½-½ (17) Kerek,K (2291)-Zakarias,D (2213) Hungary 2012}) 14... Nxc3+ 15. Qxc3 Qxc3 16. bxc3 O-O 17. Nd4 Bd7 18. g4 Rfc8 19. Rd3 b5 20. h5 a5 ({Black should try} 20... Rab8 $17 21. Bd2 Rc4) 21. Rg1 $1 $15 b4 22. cxb4 Rab8 $36 {[%mdl 2048] Black is pushing.} 23. c3 $2 (23. b5 $15) 23... axb4 $19 24. cxb4 Bxb4 ({Much less strong is} 24... Rxb4+ 25. Rb3 $17) 25. Nb3 (25. g5 $142 hxg5 26. Bxg5) 25... Bb5 26. Rdd1 Be2 27. Rc1 Bc3 28. Rxc3 Rxc3 29. g5 hxg5 30. Rxg5 (30. Kb2 $142 Rc4 31. Rxg5) 30... Bd3+ 31. Ka1 {[#]} d4 $1 {Precision: White = 45%, Black = 71%.} 0-1

[Event "22nd OIBM 2018"]
[Site "Gmund am Tegernsee"]
[Date "2018.11.02"]
[Round "7"]
[White "Goldbeck, Lars"]
[Black "Sanal, Vahap"]
[Result "0-1"]
[WhiteElo "2184"]
[BlackElo "2487"]
[Annotator "TA"]
[PlyCount "92"]
[EventDate "2018.10.27"]
[EventType "swiss"]
[EventCountry "GER"]
[SourceTitle "playchess.com"]
[Source "ChessBase"]
[SourceQuality "1"]

{[%evp 22,92,37,0,36,12,41,36,41,33,50,35,49,37,39,34,37,22,25,20,34,25,31,-12,20,-30,9,6,19,14,25,20,43,42,47,46,61,59,49,50,75,56,93,-82,-81,-104,-91,-125,-112,-112,-85,-104,-104,-111,-105,-895,-176,-839,0,-848,-104,-104,-91,-96,-97,-115,-102,-854,-846,-812,-762,-29990,-29991]} 1. d4 d5 2. c4 c6 3. cxd5 cxd5 4. Nc3 Nf6 5. Bf4 Nc6 6. e3 Bf5 7. Qb3 Na5 8. Qa4+ {D10: Slav Defence: 3 cxd5 (without early Nf3) and 3 Nc3} Bd7 9. Qc2 e6 10. Nf3 (10. Bd3 Nh5 11. Be5 Nc6 12. Qe2 Nf6 13. Nf3 Nxe5 14. Nxe5 Bd6 15. O-O O-O {½-½ (28) Meier,G (2639)-Nguyen,N (2620) Batumi 2018}) 10... Nc6 11. a3 Be7 12. Bd3 {LiveBook: 52 Games} Rc8 13. O-O O-O 14. Rac1 h6 15. h3 a6 16. Qe2 Be8 $146 ({Predecessor:} 16... Nh5 17. Bh2 f5 18. Ne5 Nxe5 19. Bxe5 Nf6 20. Rc2 Qa5 21. Rfc1 Rc6 22. Nb1 {½-½ (22) Ewert,H (2314)-Niermann,T (2315) Wuerzburg 2018}) 17. Rfd1 Na5 18. Ne5 b5 19. Ng4 Nxg4 20. Qxg4 f5 21. Qe2 Nc4 $1 22. Kh1 g5 23. Bxc4 Rxc4 24. Be5 Bg6 25. Nb1 Qc8 26. Qe1 a5 27. Rxc4 bxc4 28. Qxa5 Bd8 29. Qd2 Rf7 {[%cal Bf8f7,Bf7b7,Bb7b3][%mdl 32]} 30. Nc3 Ba5 31. f4 g4 32. h4 $2 {[#]} (32. Qc2 $16) 32... Rb7 $17 {[%mdl 1024] Black has strong compensation.} 33. Rc1 Kh7 34. Kh2 Qd8 35. g3 Rb3 36. Rc2 Be8 37. Qc1 Qb6 38. Bf6 $2 {[%mdl 8192]} (38. a4 $17) 38... Qb7 $2 (38... Bxc3 39. Rxc3 Rxb2+ 40. Rc2 Rxc2+ 41. Qxc2 Qb3) 39. Be5 $2 (39. Nd1) 39... Qb6 40. Bf6 $1 Qd6 $2 (40... Bxc3 $19 41. bxc3 Rb1) 41. Be5 Qd8 42. Kg2 Kg6 43. Kh2 Qb6 {And now ...Bxc3 would win.} 44. Qd2 $2 {[%mdl 8192] [#]} (44. e4 $17 dxe4 45. Re2) 44... Bxc3 $1 $19 45. bxc3 Ba4 46. Rc1 Rb2 {Precision: White = 35%, Black = 44%.} 0-1

[Event "22nd OIBM 2018"]
[Site "Gmund am Tegernsee"]
[Date "2018.11.02"]
[Round "7"]
[White "Schneider, Jana"]
[Black "Iniyan, P."]
[Result "1/2-1/2"]
[WhiteElo "2174"]
[BlackElo "2476"]
[Annotator "TA"]
[PlyCount "100"]
[EventDate "2018.10.27"]
[EventType "swiss"]
[EventCountry "GER"]
[SourceTitle "playchess.com"]
[Source "ChessBase"]
[SourceQuality "1"]

{[%evp 25,100,33,32,29,22,18,21,0,-9,-9,-23,-31,-29,-30,0,-56,-43,-54,-30,-68,-50,-84,-77,-84,0,0,22,32,28,18,11,26,52,38,75,68,74,60,93,2,7,10,2,2,89,72,58,0,0,0,0,0,0,0,0,0,0,0,0,0,0,-68,-52,-98,-75,-72,-42,-49,0,0,0,0,0,0,0,0,0]} 1. e4 c5 2. Nf3 d6 3. d4 cxd4 4. Nxd4 Nf6 5. Nc3 a6 6. Be3 e5 7. Nf3 Qc7 8. a4 Be7 9. Be2 O-O 10. O-O Nbd7 {[%cal Bb8d7,Bd7c5,Bc5e4,Be4c3,Bc3d1,Bd1c3,Bc3a2][%mdl 32]} 11. a5 Nc5 12. Nd5 Nxd5 13. exd5 f5 {LiveBook: 12 Games} 14. b4 {B90: Sicilian Najdorf: Unusual White 6th moves, 6 Be3 Ng4 and 6 Be3 e5} (14. c4 e4 15. Nd2 Nd7 16. f4 exf3 17. Nxf3 f4 18. Bd4 Bf6 19. b4 b6 20. axb6 Bxd4+ 21. Qxd4 Qxb6 22. Qxb6 Nxb6 {1-0 (31) Dragun,K (2609)-Sadzikowski,D (2551) Abu Dhabi 2016}) 14... Ne4 15. c4 Nc3 16. Bb6 $146 (16. Qe1 {is more complex.} Nxe2+ 17. Qxe2 Bd7 18. Rac1 Qd8 19. Rfe1) ({Predecessor:} 16. Qd3 Nxe2+ 17. Qxe2 e4 18. Nd2 Bf6 19. Rac1 Bd7 20. Bb6 Qc8 21. f3 Qe8 22. fxe4 {½-½ (40) Ottesen,S (2394)-Filipchenko,V (2355) ICCF email 2009}) 16... Nxd1 17. Bxc7 Nc3 18. Bd1 Bd7 $36 {[%mdl 2048] Black is more active.} 19. Bb6 Bf6 20. Rc1 ({Better is} 20. Re1 $11) 20... e4 $15 21. Nd4 {[%cal Bf3d4,Bd4e2,Be2g3,Bg3f5][%mdl 32]} Na2 $1 {[%cal Ra2c1]} 22. Rb1 Rfc8 23. Ne2 Rxc4 24. Bb3 {[#]} Bb5 (24... Rac8 $1 $17 25. Bxa2 Rc2) 25. Rfe1 $1 $11 ({But not} 25. Bxa2 Rc2 $17) 25... Rac8 26. Bxa2 Rc2 27. Ng3 {Strongly threatening Bb3.} Rxa2 28. Nxf5 Bd3 29. Nxd6 Rf8 30. Nxe4 {Rbd1 is the strong threat.} Bxb1 31. Rxb1 Kf7 32. Nd6+ (32. Nxf6 $6 Kxf6 33. Rd1 Rc8 $11) (32. g3 $16) 32... Kg6 33. Nxb7 Rd2 34. Nc5 Bd4 (34... Ra8 $11 {keeps the balance.}) 35. Ne4 ({Reject} 35. Nxa6 $6 Bxb6 36. axb6 Ra2 $11) 35... Rd3 36. Bxd4 (36. g3 $14) 36... Rxd4 $14 {[%mdl 4096] Endgame KRR-KRN} 37. Nc5 {[#] Black must now prevent Ne6.} Rf6 38. Nd7 Rff4 39. g3 Rxb4 40. Rc1 Rfd4 41. Rc6+ Kf5 42. Nb6 Rb5 43. Nc4 (43. d6 $11) 43... Ke4 $1 $15 {[%cal Re4d5]} 44. Nd6+ Kxd5 45. Rxa6 Rb1+ 46. Kg2 Ke5 {[%mdl 1024] Black has compensation.} 47. Nf7+ {The position is equal.} Kf5 48. Nd6+ Ke5 49. Nf7+ Kf5 50. Nd6+ Ke5 {Precision: White = 64%, Black = 64%.} 1/2-1/2

[Event "22nd OIBM 2018"]
[Site "Gmund am Tegernsee"]
[Date "2018.11.02"]
[Round "7"]
[White "Ammon, Tobias"]
[Black "Bellia, Fabrizio"]
[Result "0-1"]
[WhiteElo "2165"]
[BlackElo "2448"]
[Annotator "TA"]
[PlyCount "68"]
[EventDate "2018.10.27"]
[EventType "swiss"]
[EventCountry "GER"]
[SourceTitle "playchess.com"]
[Source "ChessBase"]
[SourceQuality "1"]

{[%evp 15,68,27,29,29,40,-2,37,36,38,35,38,23,25,25,42,0,0,0,8,11,0,8,13,0,0,0,0,0,0,-106,-95,-116,-131,-139,-135,-143,-127,-420,-426,-741,-768,-636,-385,-789,-537,-1061,-1061,-1012,-594,-582,-415,-5397,-5381,-29971,-29973]} 1. e4 e5 2. Nf3 Nc6 3. d4 exd4 4. Nxd4 Bc5 5. Nb3 Bb6 6. Nc3 Nf6 7. Qe2 {C45: Scotch Game} d6 (7... O-O 8. Bg5 Nd4 9. Qd2 Nxb3 10. axb3 h6 11. Be3 Bxe3 12. Qxe3 d5 13. O-O-O c6 14. exd5 cxd5 {1-0 (40) Amin,B (2686)-Safarli,E (2676) Hoogeveen 2018}) 8. Be3 Qe7 {LiveBook: 29 Games} 9. O-O-O {White has an edge.} Be6 ({Wrong is} 9... Nxe4 $2 10. Nd5 $18) 10. Kb1 Bxe3 11. Qxe3 O-O 12. g3 $146 ({Predecessor:} 12. f3 a5 13. Nd4 Nxd4 14. Qxd4 {1-0 (68) Avedisian,A (1846)-Barandiaran,G (1771) Montevideo 2015}) 12... a5 13. Nd4 Nxd4 14. Rxd4 Ng4 15. Qe2 Qf6 16. Rd2 Ne5 {[%cal Bg4e5,Be5c4,Bc4e3,Be3c2][%mdl 32]} 17. Nd5 Bxd5 18. Rxd5 c6 19. Rd1 b5 20. f4 Nc4 $40 {[%csl Gc4][%cal Rf6b2][%mdl 128] [#] Black attacks.} 21. c3 Rfe8 22. Qf2 (22. Qf3 $11 {remains equal.}) 22... Rxe4 $17 23. Bg2 {[#]} Re7 $1 24. Bxc6 Rc8 25. Bf3 Ne3 26. Rd2 $2 {[%mdl 8192]} (26. Rd4 $17) 26... b4 $19 27. cxb4 (27. Rc1 $142 bxc3 28. Rxc3 Rxc3 29. bxc3) 27... Qf5+ 28. Ka1 Rec7 {( -> ...Rc1+)} 29. a4 $2 (29. Qe1 axb4 30. Qb1 Nc2+ 31. Rxc2 Rxc2 32. h3) 29... Nc2+ 30. Ka2 Nxb4+ 31. Ka3 Nc2+ 32. Ka2 Qe6+ 33. b3 (33. Bd5 $142 Nb4+ 34. Ka3 Nxd5 35. Re1) 33... Nb4+ 34. Ka3 Rc2 {Precision: White = 30%, Black = 81%.} 0-1

[Event "22nd OIBM 2018"]
[Site "Gmund am Tegernsee"]
[Date "2018.11.02"]
[Round "7"]
[White "Schrems, Hermann"]
[Black "Morawietz, Dieter"]
[Result "0-1"]
[WhiteElo "2154"]
[BlackElo "2408"]
[Annotator "NA"]
[PlyCount "111"]
[EventDate "2018.10.27"]
[EventType "swiss"]
[EventCountry "GER"]
[SourceTitle "playchess.com"]
[Source "ChessBase"]
[SourceQuality "1"]
[TimeControl "40/5400+30:1800+30"]

1. d4 {[%emt 0:00:00]} Nf6 {[%emt 0:00:00]} 2. c4 {[%emt 0:00:00]} e6 {[%emt 0:00:00]} 3. g3 {[%emt 0:00:00]} c5 {[%emt 0:00:00]} 4. d5 {[%emt 0:01:04]} exd5 {[%emt 0:00:11]} 5. cxd5 {[%emt 0:00:02]} d6 {[%emt 0:00:19]} 6. Nf3 {[%emt 0:00:07]} g6 {[%emt 0:00:11]} 7. Bg2 {[%emt 0:00:07]} Bg7 {[%emt 0:00:14]} 8. Nc3 {[%emt 0:00:17]} O-O {[%emt 0:00:14]} 9. O-O {[%emt 0:00:07]} Re8 {[%emt 0:00:22]} 10. Nd2 {[%emt 0:00:22]} a6 {[%emt 0:00:29]} 11. a4 {[%emt 0:00:07]} Nbd7 {[%emt 0:00:09]} 12. h3 {[%emt 0:01:12]} Rb8 {[%emt 0:00:47]} 13. Nc4 {[%emt 0:00:42]} Ne5 {[%emt 0:00:17]} 14. Na3 {[%emt 0:00:34]} Nh5 {[%emt 0:02:00]} 15. e4 {[%emt 0:00:06]} Bd7 {[%emt 0:00:50]} 16. Ne2 {[%emt 0:04:41] A64: Modern Benoni: Fianchetto Variation: 9...Nbd7 10 Nd2 a6 11 a4 Re8} (16. g4 Nf6 17. g5 Nh5 18. f4 b5 19. fxe5 b4 20. Nc4 bxc3 21. bxc3 Bxe5 22. Qf3 f5 23. gxf6 Qxf6 24. Nxe5 Qxe5 {0-1 (60) So,W (2812)-Nakamura,H (2785) Stavanger 2017}) 16... f5 {[%emt 0:17:44]} 17. f4 {[%emt 0:03:59]} Nf7 {[%emt 0:00:23] [#]} 18. exf5 $146 {[%emt 0:00:24] [#]} (18. Nc2 $17) ({Predecessor:} 18. Nc4 b5 19. axb5 Bxb5 20. Qc2 fxe4 21. g4 Nf6 22. Rd1 Nd7 23. Ra2 Bxc4 24. Qxc4 {½-½ (50) Fontaine,R (2537)-Iordachescu,V (2623) Paleochora 2010}) 18... Rxe2 $1 {[%emt 0:09:20]} 19. Qxe2 {[%emt 0:00:54]} Nxg3 {[%emt 0:03:00]} 20. Qf3 {[%emt 0:00:08]} Bd4+ {[%emt 0:07:07]} 21. Be3 {[%emt 0:01:38]} Bxe3+ {[%emt 0:01:14]} 22. Qxe3 {[%emt 0:00:03]} Nxf1 {[%emt 0:00:16]} 23. Bxf1 {[%emt 0:00:04]} Bxf5 {[%emt 0:00:22]} 24. Re1 {[%emt 0:00:23]} Qh4 {[%emt 0:02:26]} 25. Nc4 {[%emt 0:01:11]} Bd7 {[%emt 0:17:45]} 26. a5 {[%emt 0:02:43]} Re8 {[%emt 0:06:29]} 27. Qf2 {[%emt 0:00:07]} Qxf2+ {[%emt 0:05:45]} 28. Kxf2 {[%emt 0:00:06]} Rxe1 {[%emt 0:00:12]} 29. Kxe1 {[%emt 0:00:02]} Kf8 {[%emt 0:01:21]} 30. Kf2 {[%emt 0:00:47]} Ke7 {[%emt 0:00:10]} 31. Kg3 {[%emt 0:00:07]} Nh6 {[%emt 0:02:22]} 32. Bd3 {[%emt 0:00:12]} Ng8 {[%emt 0:06:29]} 33. Be4 {[%emt 0:00:57]} Nf6 {[%emt 0:00:24]} 34. Bf3 {[%emt 0:00:07]} Bb5 {[%emt 0:03:31]} 35. Nb6 {[%emt 0:01:45]} Bd3 {[%emt 0:04:35]} 36. Bg4 {[%emt 0:00:22]} Kd8 {[%emt 0:02:33]} 37. Be6 {[%emt 0:02:39]} Ne4+ {[%emt 0:07:20]} 38. Kh4 {[%emt 0:00:10]} h6 {[%emt 0:00:14]} 39. f5 {[%emt 0:01:29]} Nf6 {[%emt 0:01:29]} 40. fxg6 {[%emt 0:00:14]} Bxg6 {[%emt 0:00:09]} 41. Kg3 {[%emt 0:31:01]} Ne4+ {[%emt 0:30:47]} 42. Kg2 {[%emt 0:01:26]} Nd2 {[%emt 0:00:00]} 43. Kf2 $19 {[%emt 0:00:00]} (43. Kg3 $17 {was called for.}) 43... Nb3 {[%emt 0:00:00]} 44. Nc4 {[%emt 0:00:00]} Ke7 {[%emt 0:00:00]} 45. Ke3 {[%emt 0:00:00]} Be8 {[%emt 0:00:00]} 46. Nb6 {[%emt 0:00:00]} Kd8 {[%emt 0:00:00]} 47. Nc4 {[%emt 0:00:00]} Kc7 {[%emt 0:00:00]} 48. Kf4 {[%emt 0:00:00]} Bb5 {[%emt 0:00:00]} 49. Ne3 {[%emt 0:00:00]} Nxa5 {[%emt 0:00:00]} 50. Ng4 {[%emt 0:00:00]} Nc4 {[%emt 0:00:00]} 51. Nxh6 {[%emt 0:00:00]} Nxb2 {[%emt 0:00:00]} 52. Ng4 {[%emt 0:00:00]} a5 {[%emt 0:00:00]} 53. h4 {[%emt 0:00:00]} a4 {[%emt 0:00:00]} 54. h5 {[%emt 0:00:00]} a3 {[%emt 0:00:00]} 55. h6 {[%emt 0:00:00]} a2 56. h7 0-1